000 00378nam a2200145Ia 4500
008 231129s2010||||xx |||||||||||||| ||spa||
020 _a978-958-710-471-4
040 _bspa
082 _aCo861 S211u
100 _aSánchez Mery Yolanda
245 0 _aUn dí­a maí­z
260 _c2010
264 _aBogotá Colombia :
942 _2ddc
_cBKS
999 _c25823
_d25823